A very short,fairly interesting and reasonably cheap book about studying leadership

Bibliographic Details
Main Author: Jackson,Brad
Other Authors: Parry,Ken
Format: Book
Language:English
Published: Los Angeles : Sage , 2008
Subjects:

MARC

LEADER 00000cam a2200000 7i4500
001 0000019484
005 20090128.0
008 090123t -us# i eng
022 0 |a 9781412928458 
040 |a INS 
090 0 0 |a HD57.7   |b J33 2008 
100 1 |a Jackson,Brad 
245 1 2 |a A very short,fairly interesting and reasonably cheap book about studying leadership   |c Brad Jackson and Ken Parry 
260 |a Los Angeles :   |b Sage ,   |c 2008 
300 |a x, 162p. ;   |c 21cm. 
500 |a Includes index 
650 0 |a Leadership 
700 1 |a Parry,Ken 
999 |a 0000020440   |b BOOK   |c Open Shelf   |e Default branch